| 000 | 00428nam a22001577a 4500 | ||
|---|---|---|---|
| 020 | _a9788180522000 | ||
| 082 |
_a630.33 _bTAL/IN |
||
| 100 |
_aTalathi,J.M. _9602 |
||
| 100 |
_aNaik,V.G _9603 |
||
| 100 |
_aJalgaonkar,V.N _9604 |
||
| 245 | _aIntroduction to Agricultural Economics and Agribusiness Management | ||
| 260 |
_aNew Delhi _bAne Books Pvt.Ltd. _c2011 |
||
| 300 | _a164 | ||
| 500 | _aAne's student Edition | ||
| 942 | _cBK | ||
| 999 |
_c14378 _d14378 |
||